000 00244nam a2200097Ia 4500
001 1199922
005 20250827022603.0
008 250824s9999 xx 000 0 und d
245 0 _aOSMANLIDAN HİKAYELER
_cCUMA VURAL
260 _bPANAMA YAYINLARI
999 _c1199922
_d1199922